000 00232nam a2200097Ia 4500
008 220204s9999 xx 000 0 und d
082 _a058(540)
_bIND
245 0 _aIndia: A reference annual 1969
260 _aDelhi
_c1969
942 _cBK
999 _c23857
_d23857